| 000 | 00624nam a2200229 4500 | ||
|---|---|---|---|
| 999 |
_c318 _d318 |
||
| 003 | OSt | ||
| 005 | 20230213171833.0 | ||
| 008 | 140806b xxu||||| |||| 00| 0 eng d | ||
| 020 | _a978-0340506332 | ||
| 020 | _a0340536543 | ||
| 040 | _c040a | ||
| 082 | _aWS200 D631 1991 | ||
| 100 |
_aStanfield, Paget; [et...al] _9838 |
||
| 245 | _aDiseases of Children in the Subtropics and Tropics | ||
| 250 | _a4th.ed. | ||
| 260 |
_aLondon; _bEdward Arnold, _c1991 |
||
| 300 |
_axix, 1076 p ; _bill : _c28 cm . |
||
| 504 | _aincludes index | ||
| 650 |
_aChildren diseases _9837 |
||
| 650 |
_aPeadiatrics _916450 |
||
| 942 |
_2z _cB_BANK |
||